| 000 | 00745nam a2200217 4500 | ||
|---|---|---|---|
| 003 | OSt | ||
| 005 | 20240622023645.0 | ||
| 006 | a | ||
| 008 | 240622b |||||||| |||| 00| 0 eng d | ||
| 020 | _a9781605477640 | ||
| 040 |
_aDWCL-HMN lib. _cOC |
||
| 082 |
_2Third edition _aCirc. 610.73 C486 2011 |
||
| 245 | _aChart Smart : the A-Z Guide to better nursing documentation / | ||
| 250 | _aThird edition | ||
| 260 |
_aPhiladelphia : _bWolters Kluwer Health, Lippincott Williiams & Wilkins, _cc2011. |
||
| 300 |
_axi, _b495 p. : ill. _cc2011. |
||
| 504 | _aIncludes bibliographical references & index. | ||
| 650 | _a1. Nursing records. | ||
| 650 | _a2. Nursing rewards-handbook,manuals,etc. | ||
| 942 |
_2ddc _n0 _cBK-CIRC _eThird edition _kCirc. |
||
| 999 |
_c1132 _d1132 |
||